00629nai a2200157Ia 4500003000900000008004100009022002200050040001600072245005700088260008600145310001400231362003500245521006900280650002900349856009300378IN-BaIIA211028c9999 xx s 000 0 eng d a0367-9950 (Print) cIIA Library 0aIRE Transactions on Electronic Computersh[eJournal] aNew York, USAbThe Institute of Electrical and Electronics Engineers, Inc. (IEEE) aBimonthly aEC-4(1); 1955 - EC-11(6); 1962 bSubscribed through National Knowledge Resource Consortium (NKRC) aComputing and Processing uhttps://ieeexplore.ieee.org/servlet/opac?punumber=5407885yClick Here to Access eJournal